Auténtico Amor ; Cinco claves para la felicidad familiar

Uloženo v:
Podrobná bibliografie
Hlavní autor: Kuzma, Kay (autor)
Další autoři: Jonas, Natalia (traductor)
Médium: Kniha
Vydáno: Buenos Aires, Argentina Asociación Casa Editora Sudamericana (ACES) 2021
Vydání:primera edición
Témata:
Tagy: Přidat tag
Žádné tagy, Buďte první, kdo vytvoří štítek k tomuto záznamu!

MARC

LEADER 00000nam a22000005a 4500
003 CL-ChUAC
005 20210920084517.0
007 ta
008 210920t2021 ag ||||| |||| 000 || spa
020 |a 978-987-798-442-2  
040 |a CL-ChBUA  |c CL-ChBUA  |e rda 
082 0 0 |2 22  |a 261.835 
100 1 |a Kuzma, Kay  |e autor 
245 1 0 |a Auténtico Amor ;   |b Cinco claves para la felicidad familiar  |c Kay Kuzma (autor) 
250 |a primera edición 
260 |a Buenos Aires, Argentina  |b Asociación Casa Editora Sudamericana (ACES)  |c 2021 
300 |a 336 páginas  |c 23 cm 
336 |2 rdacontent  |a text  |b txt 
337 |2 rdamedia  |a unmediated  |b n 
338 |2 rdacarrier  |a volume  |b nc 
504 |a índice 
650 4 |a EDUCACIÓN PARA LA VIDA FAMILIAR 
650 4 |a MATRIMONIOS 
700 1 |a Jonas, Natalia  |e traductor 
942 |2 ddc  |c LIB 
945 |0 nac 
952 |0 0  |1 0  |2 ddc  |4 0  |6 261_835000000000000_K_97  |7 0  |9 1170124  |a UNACH  |b UNACH  |c 200  |d 2021-09-20  |i 67.263  |l 15  |m 16  |o 261.835 / K 97  |p 106423  |r 2026-04-02 16:49:47  |s 2026-03-12  |t 1  |w 2021-09-20  |y LIB 
999 |c 2366689  |d 2366689